[Event "26th WSCC 2016 Open 50+"]
[Site "Marianske Lazne, Czech Republic - Hotel Cristal and Continental"]
[Date "2016.11.26"]
[Round "7.16"]
[White "Petran, Peter"]
[Black "Kilicaslan, Hasan"]
[Result "1-0"]
[WhiteElo "2302"]
[BlackElo "2225"]
[PlyCount "93"]
[EventDate "2016.11.19"]

1. g3 d5 2. Bg2 c6 3. d3 Nf6 4. Nd2 g6 5. e4 dxe4 6. dxe4 Bg7 7. Ngf3 O-O 8.
O-O Bg4 9. h3 Bxf3 10. Qxf3 Nbd7 11. Qe2 e5 12. b3 Qc7 13. a4 Rfe8 14. Nc4 b6
15. Rd1 a6 16. h4 b5 17. Ne3 Nc5 18. f3 Ne6 19. c3 Nh5 20. Kh2 f5 21. Nf1 f4
22. g4 Ng3 23. Nxg3 fxg3+ 24. Kxg3 h5 25. gxh5 gxh5 26. Bh3 Nf4 27. Bxf4 exf4+
28. Kh2 Rad8 29. axb5 axb5 30. Rg1 Kf8 31. Qf2 Qd6 32. Ra2 Bxc3 33. Rg5 Qd2 34.
Rxd2 Rxd2 35. Qxd2 Bxd2 36. Bd7 Ra8 37. Bxc6 Ra2 38. Rxh5 b4 39. Kh3 Ra6 40.
Rd5 Be1 41. Bb5 Rb6 42. h5 Bf2 43. Kg4 Be3 44. Bc4 Kg7 45. Kg5 Rb8 46. Rd7+ Kh8
47. e5 1-0

[Event "26th WSCC 2016 Open 50+"]
[Site "Marianske Lazne, Czech Republic - Hotel Cristal and Continental"]
[Date "2016.11.26"]
[Round "7.17"]
[White "Koehler, Gerhard"]
[Black "Larsen, Peter"]
[Result "0-1"]
[WhiteElo "2182"]
[BlackElo "2248"]
[PlyCount "56"]
[EventDate "2016.11.19"]

1. c4 e5 2. Nc3 Nc6 3. g3 f5 4. Bg2 Nf6 5. e3 Bb4 6. Nge2 O-O 7. O-O d6 8. d4
Qe8 9. a3 Bxc3 10. Nxc3 f4 11. d5 fxg3 12. dxc6 gxh2+ 13. Kh1 bxc6 14. e4 Bg4
15. Qd3 Nh5 16. b3 Qe7 17. Be3 Qh4 18. c5 Rf6 19. cxd6 cxd6 20. Qc4+ Kh8 21.
Qxc6 Raf8 22. Nd5 Rg6 23. Rac1 h6 24. Qc3 Bh3 25. Bxh3 Qxh3 26. Bg5 Qg4 27.
Kxh2 Rxg5 28. Qh3 Qxe4 0-1

[Event "26th WSCC 2016 Open 50+"]
[Site "Marianske Lazne, Czech Republic - Hotel Cristal and Continental"]
[Date "2016.11.26"]
[Round "7.18"]
[White "Baimurzin, Aitkazy"]
[Black "Bergstrom, Rolf"]
[Result "0-1"]
[WhiteElo "2132"]
[BlackElo "2296"]
[PlyCount "98"]
[EventDate "2016.11.19"]

1. g3 e5 2. c4 d6 3. Bg2 f5 4. Nc3 Nf6 5. e3 Be7 6. Nge2 O-O 7. O-O c6 8. d3
Be6 9. b3 Nbd7 10. Bb2 Bf7 11. Qd2 d5 12. Rac1 dxc4 13. bxc4 Qc7 14. Na4 Rad8
15. Rfd1 Bh5 16. Qc2 Rde8 17. f3 Nc5 18. Nxc5 Bxc5 19. d4 exd4 20. exd4 Bd6 21.
Re1 Qd7 22. Rcd1 f4 23. Bc1 fxg3 24. hxg3 Bg6 25. Qc3 Nh5 26. g4 Ng3 27. Nxg3
Bxg3 28. Rxe8 Rxe8 29. d5 Qd6 30. Be3 c5 31. Qd2 Rf8 32. Rf1 Bf4 33. Re1 Bh2+
34. Kh1 Bg3 35. Rf1 h6 36. f4 Qe7 37. Rf3 Qh4+ 38. Kg1 Be4 39. Bxc5 Rf7 40. Qe2
Qh2+ 41. Kf1 Bxf3 42. Bxf3 Rxf4 43. Qxh2 Bxh2 44. Ke2 Rxc4 45. Be7 Kf7 46. d6
Ke6 47. Bf8 Bxd6 48. Bxg7 Bf4 49. Bxb7 Rc7 0-1

[Event "26th WSCC 2016 Open 50+"]
[Site "Marianske Lazne, Czech Republic - Hotel Cristal and Continental"]
[Date "2016.11.26"]
[Round "7.19"]
[White "Folk, Petr"]
[Black "Meister, Jakob"]
[Result "0-1"]
[WhiteElo "2182"]
[BlackElo "2444"]
[PlyCount "92"]
[EventDate "2016.11.19"]

1. e4 c5 2. Nf3 a6 3. Nc3 b5 4. d4 cxd4 5. Nxd4 Bb7 6. Bd3 g6 7. O-O Bg7 8. Be3
Nf6 9. e5 Nd5 10. Nxd5 Bxd5 11. f4 d6 12. Nf3 dxe5 13. fxe5 Nc6 14. a4 b4 15.
Bf4 O-O 16. Qe1 Bxf3 17. Rxf3 Qd4+ 18. Kh1 Nxe5 19. Bxe5 Bxe5 20. Re3 Bf6 21.
Rb1 a5 22. Re4 Qc5 23. b3 Rad8 24. Qg3 Rd4 25. Rxd4 Bxd4 26. Rf1 Kg7 27. Bc4
Qe5 28. Qf3 f5 29. Qb7 Bc5 30. Qb5 Bd6 31. Qxe5+ Bxe5 32. Rd1 Bd6 33. Rd5 Ra8
34. Kg1 Kf6 35. h3 Bc7 36. Kf1 Bb6 37. Ke2 Rd8 38. Rb5 Rd6 39. Bd3 e6 40. Kd2
e5 41. Ke2 e4 42. Bc4 Kg5 43. Bd5 Kf4 44. g4 fxg4 45. hxg4 h6 46. g5 hxg5 0-1

[Event "26th WSCC 2016 Open 50+"]
[Site "Marianske Lazne, Czech Republic - Hotel Cristal and Continental"]
[Date "2016.11.26"]
[Round "7.20"]
[White "Syrchikov, Alexander"]
[Black "Sykora, Ondrej"]
[Result "1/2-1/2"]
[WhiteElo "2416"]
[BlackElo "2179"]
[PlyCount "80"]
[EventDate "2016.11.19"]

1. Nf3 Nf6 2. d4 d5 3. c4 c6 4. cxd5 cxd5 5. Nc3 Nc6 6. Bf4 e6 7. e3 a6 8. Bd3
Be7 9. h3 Bd7 10. Ne5 Nb4 11. Bb1 Nc6 12. O-O O-O 13. Nxd7 Nxd7 14. Qd3 g6 15.
a3 Nf6 16. Ba2 Rc8 17. Rac1 b5 18. Rc2 Qd7 19. Rfc1 Rfd8 20. e4 dxe4 21. Nxe4
Nd5 22. Be3 Na7 23. Nc5 Bxc5 24. dxc5 Nxe3 25. Qxe3 Nc6 26. b4 Qd4 27. Qxd4
Rxd4 28. Bb1 Rcd8 29. Kh2 Kf8 30. Re2 Ke7 31. Be4 Kd7 32. Rc3 Kc7 33. g3 R8d7
34. Kg2 Rd1 35. Ra2 R1d4 36. Re2 Rd1 37. Ra2 R1d4 38. Re2 Rd1 39. Ra2 R1d4 40.
Re2 Rd1 1/2-1/2

[Event "26th WSCC 2016 Open 50+"]
[Site "Marianske Lazne, Czech Republic - Hotel Cristal and Continental"]
[Date "2016.11.26"]
[Round "7.21"]
[White "Rakhimov, Zinnour K"]
[Black "Madeira, Wagner Martins"]
[Result "1-0"]
[WhiteElo "2398"]
[BlackElo "2172"]
[PlyCount "73"]
[EventDate "2016.11.19"]

1. e4 g6 2. Bc4 Bg7 3. Nc3 e6 4. d3 Ne7 5. Nf3 O-O 6. O-O b6 7. Bf4 Bb7 8. Bb3
d5 9. Be5 Nd7 10. Bxg7 Kxg7 11. Qd2 Nc5 12. Qf4 a5 13. a3 f6 14. Ba2 e5 15. Qh4
Qd6 16. d4 Nxe4 17. Nxe4 dxe4 18. dxe5 Qd7 19. Rad1 Qf5 20. Nd4 Qxe5 21. Ne6+
Kh8 22. Rd7 Rf7 23. Nd8 Rg7 24. Qh6 Bc8 25. Ne6 f5 26. Rxe7 Bxe6 27. Rxg7 Qxg7
28. Qxg7+ Kxg7 29. Bxe6 Rd8 30. Bb3 Rd2 31. g3 c5 32. a4 Kf6 33. Re1 Ke5 34.
Kf1 Kd4 35. c3+ Ke5 36. Re2 Rd6 37. f3 1-0

[Event "26th WSCC 2016 Open 50+"]
[Site "Marianske Lazne, Czech Republic - Hotel Cristal and Continental"]
[Date "2016.11.26"]
[Round "7.22"]
[White "Grigoryan, Karen"]
[Black "Bartos, Jan"]
[Result "1-0"]
[WhiteElo "2332"]
[BlackElo "2151"]
[PlyCount "71"]
[EventDate "2016.11.19"]

1. e4 e5 2. Nf3 Nc6 3. Bb5 Nge7 4. c3 d5 5. Qe2 Bg4 6. d3 a6 7. Ba4 f6 8. h3
Be6 9. Nbd2 Qd7 10. d4 b5 11. Bb3 exd4 12. cxd4 dxe4 13. Nxe4 Bxb3 14. axb3
Nxd4 15. Nxd4 Qxd4 16. O-O Qe5 17. Qf3 Nc6 18. Bf4 Nd4 19. Nxf6+ Kf7 20. Qxa8
Qxf4 21. Ne4 Qe5 22. f4 Ne2+ 23. Kh2 Nxf4 24. Kh1 Kg6 25. Qxa6+ Bd6 26. Nxd6
cxd6 27. Rae1 Ne2 28. Rxe2 Qxe2 29. Qxd6+ Kg5 30. Qf4+ Kg6 31. Qf7+ Kh6 32.
Rf6+ g6 33. Re6 Qd2 34. Qe7 Qc1+ 35. Re1 Qf4 36. Re4 1-0

[Event "26th WSCC 2016 Open 50+"]
[Site "Marianske Lazne, Czech Republic - Hotel Cristal and Continental"]
[Date "2016.11.26"]
[Round "7.23"]
[White "Schroll, Gerhard"]
[Black "Gayson, Peter M"]
[Result "1-0"]
[WhiteElo "2314"]
[BlackElo "2127"]
[PlyCount "59"]
[EventDate "2016.11.19"]

1. d4 f5 2. Nc3 d5 3. Bg5 g6 4. e3 Bg7 5. f4 Nf6 6. Nf3 O-O 7. Qd2 c6 8. Ne5
Be6 9. Be2 b5 10. a3 Qc7 11. h4 Nbd7 12. h5 Nxe5 13. fxe5 Ne4 14. Nxe4 fxe4 15.
hxg6 hxg6 16. O-O-O Qd7 17. Qe1 Kf7 18. Rh7 Rh8 19. Qf2+ Kg8 20. Rxh8+ Kxh8 21.
Qh4+ Kg8 22. Rh1 Kf7 23. Rf1+ Kg8 24. Bxe7 Re8 25. Bf6 Bxf6 26. exf6 Rf8 27.
Rh1 Bf5 28. g4 Be6 29. Qg5 Qe8 30. Qh6 1-0

[Event "26th WSCC 2016 Open 50+"]
[Site "Marianske Lazne, Czech Republic - Hotel Cristal and Continental"]
[Date "2016.11.26"]
[Round "7.24"]
[White "Stentebjerg-Hansen, Per"]
[Black "Gollain, Marc"]
[Result "1-0"]
[WhiteElo "2262"]
[BlackElo "2097"]
[PlyCount "67"]
[EventDate "2016.11.19"]

1. d4 Nf6 2. c4 e6 3. Nc3 Bb4 4. e3 O-O 5. Nge2 Re8 6. a3 Bf8 7. Ng3 d5 8. Bd3
c5 9. O-O dxc4 10. Bxc4 cxd4 11. exd4 Nc6 12. Be3 b6 13. d5 exd5 14. Nxd5 Nxd5
15. Bxd5 Bb7 16. Qf3 Qd7 17. Rad1 Rad8 18. Bg5 Ne5 19. Qc3 Bxd5 20. Bxd8 Qb7
21. Rfe1 f6 22. Bc7 Rc8 23. Qd4 Bf3 24. Bxe5 fxe5 25. Qd7 Bxg2 26. Qe6+ Kh8 27.
Rd7 Qa8 28. Rxa7 Qxa7 29. Qxc8 Qa8 30. Qxa8 Bxa8 31. Rxe5 Kg8 32. b4 Kf7 33.
Rb5 Bc6 34. Rxb6 1-0

[Event "26th WSCC 2016 Open 50+"]
[Site "Marianske Lazne, Czech Republic - Hotel Cristal and Continental"]
[Date "2016.11.26"]
[Round "7.25"]
[White "Kozak, Milos"]
[Black "Boulard, Eric"]
[Result "1-0"]
[WhiteElo "2159"]
[BlackElo "2245"]
[PlyCount "77"]
[EventDate "2016.11.19"]

1. d4 d6 2. Nf3 f5 3. g3 g6 4. Bg2 Bg7 5. O-O Nf6 6. c4 O-O 7. Nc3 c6 8. Rb1
Qc7 9. d5 a5 10. Nd4 Bd7 11. a3 Na6 12. b4 axb4 13. axb4 c5 14. Ndb5 Qc8 15.
bxc5 Nxc5 16. Be3 Ng4 17. Bd4 Bxd4 18. Qxd4 Na6 19. Na4 Rb8 20. Rfc1 Nc5 21.
Nxc5 dxc5 22. Qf4 Qd8 23. Nc7 Nf6 24. d6 Ne4 25. dxe7 Qxe7 26. Nd5 Qe8 27. Bxe4
Qxe4 28. Nf6+ Rxf6 29. Qxb8+ Rf8 30. Qf4 Bc6 31. Qxe4 fxe4 32. Rd1 Kg7 33. Ra1
Rf5 34. Rd6 Re5 35. Ra7 Kh6 36. h4 Kh5 37. Kh2 Rf5 38. Kh3 Rxf2 39. Rxc6 1-0

[Event "26th WSCC 2016 Open 50+"]
[Site "Marianske Lazne, Czech Republic - Hotel Cristal and Continental"]
[Date "2016.11.26"]
[Round "7.26"]
[White "Babar, Michael"]
[Black "Yakimenko, Alexander A"]
[Result "0-1"]
[WhiteElo "2129"]
[BlackElo "2240"]
[PlyCount "92"]
[EventDate "2016.11.19"]

1. Nf3 Nf6 2. b3 g6 3. Bb2 Bg7 4. c4 d6 5. g3 O-O 6. Bg2 c6 7. O-O Bg4 8. h3
Bf5 9. d3 Qc8 10. Kh2 Na6 11. e4 Bd7 12. Qd2 Rd8 13. Nc3 Nc5 14. Rfe1 Qc7 15.
b4 Ne6 16. d4 a5 17. a3 axb4 18. axb4 Rxa1 19. Bxa1 Nf8 20. e5 Ne8 21. Qe3 Ra8
22. b5 cxb5 23. Nd5 Qd8 24. exd6 Nxd6 25. Nxe7+ Kh8 26. c5 Nc4 27. Ng5 Be8 28.
Qf3 f6 29. d5 Rxa1 30. Rxa1 Ne5 31. Qb3 Qxe7 32. Nf3 Qxc5 33. Nxe5 fxe5 34. Ra8
Bf7 35. Qf3 Kg8 36. d6 Qxd6 37. Qxb7 Qc5 38. Kg1 Qc1+ 39. Kh2 Qc5 40. Kg1 Bc4
41. Ra7 Bf6 42. g4 e4 43. Bxe4 Bd4 44. Ra8 Bxf2+ 45. Kh1 Qe5 46. g5 Qxg5 0-1

[Event "26th WSCC 2016 Open 50+"]
[Site "Marianske Lazne, Czech Republic - Hotel Cristal and Continental"]
[Date "2016.11.26"]
[Round "7.27"]
[White "Levrand, Roland"]
[Black "Yuferev, Oleg"]
[Result "0-1"]
[WhiteElo "2097"]
[BlackElo "2239"]
[PlyCount "48"]
[EventDate "2016.11.19"]

1. e4 c5 2. Nf3 e6 3. d4 cxd4 4. Nxd4 a6 5. Bd3 g6 6. c4 Bg7 7. Nc2 d6 8. Nc3
Nc6 9. O-O Qc7 10. Be3 Nf6 11. h3 O-O 12. Rc1 b6 13. Qd2 Ne5 14. Nd4 Bb7 15. f4
Nxd3 16. Qxd3 Rac8 17. b3 Qb8 18. Nf3 b5 19. cxb5 axb5 20. e5 dxe5 21. fxe5 Nd5
22. Nxd5 Bxd5 23. Bc5 Rfd8 24. Be7 Qa7+ 0-1

[Event "26th WSCC 2016 Open 50+"]
[Site "Marianske Lazne, Czech Republic - Hotel Cristal and Continental"]
[Date "2016.11.26"]
[Round "7.28"]
[White "Semakoff, Aleks"]
[Black "Chan, Peng Kong"]
[Result "1/2-1/2"]
[WhiteElo "2084"]
[BlackElo "2233"]
[PlyCount "55"]
[EventDate "2016.11.19"]

1. e4 c5 2. Nf3 Nc6 3. d4 cxd4 4. Nxd4 Qb6 5. Nb3 Nf6 6. Nc3 e6 7. Be3 Qc7 8.
Bd3 a6 9. O-O Ne5 10. h3 d6 11. Qe2 Be7 12. f4 Nxd3 13. cxd3 Bd7 14. Rac1 Qb8
15. Nd4 g6 16. Nf3 Bc6 17. f5 O-O 18. fxe6 fxe6 19. Bh6 Re8 20. Rf2 Qd8 21.
Rcf1 Rc8 22. Nd4 Bd7 23. Rf3 e5 24. Nc2 Be6 25. Ne3 d5 26. Bg5 Nxe4 27. dxe4
Bxg5 28. Nexd5 1/2-1/2

[Event "26th WSCC 2016 Open 50+"]
[Site "Marianske Lazne, Czech Republic - Hotel Cristal and Continental"]
[Date "2016.11.26"]
[Round "7.29"]
[White "Schatz, Christian"]
[Black "Hrbolka, Ladislav"]
[Result "1/2-1/2"]
[WhiteElo "2218"]
[BlackElo "2094"]
[PlyCount "47"]
[EventDate "2016.11.19"]

1. Nf3 f5 2. g3 Nf6 3. Bg2 g6 4. O-O Bg7 5. b3 O-O 6. d4 d6 7. Nbd2 c6 8. Bb2
a5 9. c4 Na6 10. a3 Bd7 11. Qc2 d5 12. Ne5 Be6 13. c5 Nd7 14. Nd3 Nc7 15. e3
Bf7 16. f4 Ne6 17. Bc3 Nc7 18. Nf3 Nf6 19. Nf2 Ne4 20. Nd3 h6 21. b4 axb4 22.
axb4 Rxa1 23. Rxa1 g5 24. Nfe5 1/2-1/2

[Event "26th WSCC 2016 Open 50+"]
[Site "Marianske Lazne, Czech Republic - Hotel Cristal and Continental"]
[Date "2016.11.26"]
[Round "7.30"]
[White "Tesar, Jan"]
[Black "Grant, Jonathan I M"]
[Result "0-1"]
[WhiteElo "2072"]
[BlackElo "2218"]
[PlyCount "60"]
[EventDate "2016.11.19"]

1. d4 Nf6 2. c4 e6 3. Nc3 Bb4 4. e3 d5 5. Nge2 O-O 6. a3 Be7 7. cxd5 exd5 8.
Ng3 a5 9. Bd3 Re8 10. O-O c5 11. Bc2 Nbd7 12. Re1 Ra6 13. e4 dxe4 14. Bf4 Bd6
15. Bxd6 Rxd6 16. Nf5 Rb6 17. Nxe4 Nxe4 18. Rxe4 Nf8 19. Rxe8 Qxe8 20. dxc5
Rxb2 21. Nd6 Qd8 22. Qd3 Qf6 23. Re1 Be6 24. h3 Ra2 25. Nxb7 Qb2 26. Qf3 Qxc2
27. c6 Rb2 28. Nd8 Rb1 29. Rxb1 Qxb1+ 30. Kh2 Qb8+ 0-1

[Event "26th WSCC 2016 Open 50+"]
[Site "Marianske Lazne, Czech Republic - Hotel Cristal and Continental"]
[Date "2016.11.26"]
[Round "7.31"]
[White "Thuesen, Mogens"]
[Black "Siebenburger, Vlastimil"]
[Result "1-0"]
[WhiteElo "2207"]
[BlackElo "2048"]
[PlyCount "59"]
[EventDate "2016.11.19"]

1. d4 Nf6 2. c4 g6 3. Nc3 Bg7 4. e4 d6 5. f4 O-O 6. Nf3 c5 7. d5 e6 8. dxe6
Bxe6 9. Bd3 Nc6 10. O-O a6 11. Qe1 Nb4 12. Qe2 Rb8 13. f5 Bd7 14. Bf4 Qe7 15.
a3 Nh5 16. Bg5 f6 17. Be3 Nxd3 18. Qxd3 gxf5 19. exf5 Bxf5 20. Qxf5 Qxe3+ 21.
Rf2 Qh6 22. Nd5 Bh8 23. Ne7+ Kf7 24. Re1 Nf4 25. Nd5 Nxd5 26. Qxd5+ Kg6 27. g3
Qh5 28. Nh4+ Kh6 29. Nf5+ Kg6 30. g4 1-0

[Event "26th WSCC 2016 Open 50+"]
[Site "Marianske Lazne, Czech Republic - Hotel Cristal and Continental"]
[Date "2016.11.26"]
[Round "7.32"]
[White "Sielicki, Tomasz"]
[Black "Lacina, Adolf"]
[Result "0-1"]
[WhiteElo "1947"]
[BlackElo "2206"]
[PlyCount "116"]
[EventDate "2016.11.19"]

1. d4 Nf6 2. Bg5 c5 3. d5 g6 4. Bxf6 exf6 5. c3 Bg7 6. g3 d6 7. e3 O-O 8. Ne2
Nd7 9. Bg2 Qb6 10. Qc2 Re8 11. O-O Ne5 12. h3 h5 13. Nd2 a5 14. a4 Qd8 15. Rae1
f5 16. h4 Bd7 17. Nf4 b5 18. axb5 Bxb5 19. c4 Bd7 20. Ra1 Qb6 21. Ra3 a4 22.
Rb1 Qb4 23. Nd3 Nxd3 24. Rxd3 Reb8 25. b3 a3 26. Qa2 f4 27. exf4 Bf5 28. Be4
Re8 29. Bxf5 gxf5 30. Re3 Rxe3 31. fxe3 Qc3 32. Nf1 Qd3 33. Kf2 Qxb1 34. Qxb1
a2 35. Qxf5 a1=Q 36. Qxh5 Ra2+ 37. Kg1 Qb2 38. Qf3 f5 39. h5 Kf8 40. Kh1 Qf2
41. Qxf2 Rxf2 42. Kg1 Re2 43. Nh2 Rxe3 44. Kf2 Rxb3 45. Nf3 Bf6 46. Nd2 Rc3 47.
Ke2 Bd4 48. Nf3 Rxc4 49. Nh4 Rc2+ 50. Kd1 Rh2 51. Nxf5 Rxh5 52. Nxd6 Rxd5 53.
Ne4 Rh5 54. Ke2 c4 55. Nd6 Rh2+ 56. Kf3 c3 57. Nb5 c2 58. Nxd4 c1=Q 0-1

[Event "26th WSCC 2016 Open 50+"]
[Site "Marianske Lazne, Czech Republic - Hotel Cristal and Continental"]
[Date "2016.11.26"]
[Round "7.33"]
[White "Miculka, Petr"]
[Black "Hartung-Nielsen, Jens"]
[Result "0-1"]
[WhiteElo "1995"]
[BlackElo "2200"]
[PlyCount "42"]
[EventDate "2016.11.19"]

1. e4 d5 2. exd5 Nf6 3. d4 Bg4 4. Nf3 Qxd5 5. Be2 Nc6 6. O-O O-O-O 7. Be3 Qf5
8. c4 e6 9. Nc3 Bc5 10. Nb5 a6 11. Qa4 Bxf3 12. Bxf3 Nxd4 13. Nxd4 Bxd4 14. c5
Qxc5 15. Rac1 Qb6 16. Rc4 Bxe3 17. Rb4 Rd4 18. Rxb6 Rxa4 19. Rxb7 Nd5 20. Rb3
Bb6 21. Rc1 Kd7 0-1

[Event "26th WSCC 2016 Open 50+"]
[Site "Marianske Lazne, Czech Republic - Hotel Cristal and Continental"]
[Date "2016.11.26"]
[Round "7.34"]
[White "Maslak, Alexander"]
[Black "Mohapl, Petr"]
[Result "1/2-1/2"]
[WhiteElo "2186"]
[BlackElo "2066"]
[PlyCount "74"]
[EventDate "2016.11.19"]

1. e4 c6 2. d4 d5 3. Nc3 dxe4 4. Nxe4 Nd7 5. Nf3 Ngf6 6. Nxf6+ Nxf6 7. g3 Bg4
8. Bg2 h6 9. h3 Bf5 10. O-O e6 11. c4 Be7 12. Be3 O-O 13. Ne5 Nd7 14. Nxd7 Qxd7
15. Qb3 Bd6 16. Rad1 Rfd8 17. Rfe1 Qc7 18. Qc3 Be7 19. c5 Qd7 20. Rd2 Bf6 21.
Red1 Qe7 22. g4 Bh7 23. Qc4 Qc7 24. b4 a6 25. f4 Re8 26. a4 Bh4 27. Rf1 Bf6 28.
Rb2 Bg6 29. b5 axb5 30. axb5 Ra3 31. Rb3 Rea8 32. bxc6 bxc6 33. f5 exf5 34.
gxf5 Bh5 35. Rxa3 Rxa3 36. Bf4 Qe7 37. Rf2 Qe1+ 1/2-1/2

[Event "26th WSCC 2016 Open 50+"]
[Site "Marianske Lazne, Czech Republic - Hotel Cristal and Continental"]
[Date "2016.11.26"]
[Round "7.35"]
[White "Brito, Luismar"]
[Black "Juricek, Stanislav"]
[Result "1-0"]
[WhiteElo "2242"]
[BlackElo "2043"]
[PlyCount "63"]
[EventDate "2016.11.19"]

1. e4 e5 2. Nf3 Nc6 3. Bb5 a6 4. Ba4 Nf6 5. O-O Nxe4 6. Re1 Nc5 7. Nc3 Be7 8.
Bxc6 dxc6 9. Nxe5 O-O 10. d4 Ne6 11. Be3 Bd6 12. f4 f6 13. Nd3 f5 14. Qf3 Qf6
15. Ne5 Nd8 16. d5 c5 17. Bf2 Nf7 18. Qe3 g6 19. Re2 Kg7 20. Rae1 a5 21. Na4 b6
22. c4 Rd8 23. Qh3 h6 24. Nc6 Bd7 25. Re6 Bxe6 26. Rxe6 Ng5 27. fxg5 Qxg5 28.
Qc3+ Kh7 29. Nxd8 Rxd8 30. b3 Qh5 31. Bg3 f4 32. Bxf4 1-0

[Event "26th WSCC 2016 Open 50+"]
[Site "Marianske Lazne, Czech Republic - Hotel Cristal and Continental"]
[Date "2016.11.26"]
[Round "7.36"]
[White "Fritsch, Rolf"]
[Black "Paldus, Petr"]
[Result "1-0"]
[WhiteElo "2235"]
[BlackElo "2031"]
[PlyCount "115"]
[EventDate "2016.11.19"]

1. e4 d6 2. g3 Nf6 3. Bg2 g6 4. d3 Bg7 5. f4 e5 6. Nf3 Nc6 7. O-O Bg4 8. h3
Bxf3 9. Qxf3 Qd7 10. c3 h6 11. Nd2 g5 12. fxg5 hxg5 13. Qf2 Nh7 14. Nc4 f6 15.
b4 a5 16. b5 Ne7 17. a4 O-O 18. Ne3 Rf7 19. Bf3 Qxh3 20. Bg4 Qh6 21. Be6 Nf8
22. Nf5 Nxf5 23. Bxf7+ Kxf7 24. exf5 Nd7 25. Qa2+ Kf8 26. Kg2 Qh5 27. Be3 Re8
28. Rf2 e4 29. d4 Nb6 30. c4 Qf7 31. d5 Nd7 32. g4 Ke7 33. Bd4 Kd8 34. Re2 Bf8
35. Qc2 Nc5 36. Bxc5 dxc5 37. Rxe4 Bd6 38. Rh1 Be5 39. Kf3 Qg7 40. Rh3 Rh8 41.
Qg2 b6 42. Qh1 Rxh3+ 43. Qxh3 Kc8 44. Qh5 Kb7 45. Rxe5 fxe5 46. Ke4 Qf6 47. Qe8
Qg7 48. Qc6+ Kb8 49. d6 cxd6 50. Qxb6+ Kc8 51. Qc6+ Kb8 52. Qxd6+ Ka8 53. Qc6+
Kb8 54. Qb6+ Ka8 55. Qxa5+ Kb8 56. Qb6+ Ka8 57. Qc6+ Kb8 58. b6 1-0

[Event "26th WSCC 2016 Open 50+"]
[Site "Marianske Lazne, Czech Republic - Hotel Cristal and Continental"]
[Date "2016.11.26"]
[Round "7.37"]
[White "Tiedt, Gunter"]
[Black "Kolesar, Milan"]
[Result "1/2-1/2"]
[WhiteElo "2020"]
[BlackElo "2194"]
[PlyCount "103"]
[EventDate "2016.11.19"]

1. e4 c5 2. d4 cxd4 3. c3 d3 4. Bxd3 Nc6 5. Nf3 g6 6. O-O Bg7 7. Be3 d6 8. Nd4
Nf6 9. Nd2 O-O 10. h3 Nd7 11. N2f3 a5 12. Bb5 Nce5 13. Nxe5 Nxe5 14. f4 Nd7 15.
f5 Ne5 16. Nf3 Nc6 17. Ng5 Ne5 18. Qd5 Bf6 19. Nf3 e6 20. fxe6 Bxe6 21. Qd2 Bc4
22. Bxc4 Nxc4 23. Qe2 Nxe3 24. Qxe3 Qe7 25. Rad1 a4 26. b3 Rfe8 27. c4 axb3 28.
axb3 Ra3 29. Qb6 Ra6 30. Qb5 Rea8 31. Qd5 Kg7 32. Rfe1 Ra3 33. b4 Bc3 34. Re2
Bxb4 35. Kh1 Re8 36. Rb1 Bc5 37. Rxb7 Ra1+ 38. Kh2 Qf6 39. e5 Qf4+ 40. g3 Qf5
41. e6 Rf1 42. Qxf5 gxf5 43. Rxf7+ Kg8 44. Kg2 Rxe6 45. Kxf1 Rxe2 46. Rxf5 Rc2
47. Rf4 Be3 48. Re4 Rf2+ 49. Ke1 Rxf3 50. Ke2 Rxg3 51. Rxe3 Rg6 52. Kd3 1/2-1/2

[Event "26th WSCC 2016 Open 50+"]
[Site "Marianske Lazne, Czech Republic - Hotel Cristal and Continental"]
[Date "2016.11.26"]
[Round "7.38"]
[White "Agusto, Obafunmilayo"]
[Black "Kucera, Jiri"]
[Result "1/2-1/2"]
[WhiteElo "2144"]
[BlackElo "1958"]
[PlyCount "30"]
[EventDate "2016.11.19"]

1. d4 f5 2. g3 Nf6 3. Bg2 g6 4. b3 Bg7 5. Bb2 O-O 6. Nd2 d6 7. Nh3 Qe8 8. Nf4
e5 9. Nd5 Nxd5 10. Bxd5+ Kh8 11. dxe5 dxe5 12. O-O Nc6 13. Bg2 Be6 14. e3 Rd8
15. Qe2 Rf7 1/2-1/2

[Event "26th WSCC 2016 Open 50+"]
[Site "Marianske Lazne, Czech Republic - Hotel Cristal and Continental"]
[Date "2016.11.26"]
[Round "7.40"]
[White "Cafolla, Peter"]
[Black "Guner, Bulent"]
[Result "1/2-1/2"]
[WhiteElo "1996"]
[BlackElo "2130"]
[PlyCount "43"]
[EventDate "2016.11.19"]

1. e4 e5 2. Nf3 Nc6 3. d4 exd4 4. Nxd4 g6 5. Nc3 Bg7 6. Nxc6 bxc6 7. Bc4 Ne7 8.
Be3 O-O 9. Bd4 Bxd4 10. Qxd4 d5 11. Bb3 dxe4 12. Qxd8 Rxd8 13. Nxe4 Ba6 14. Nc5
Bc8 15. Rd1 Bf5 16. O-O Kf8 17. Rfe1 Rab8 18. f3 h5 19. Na6 Rbc8 20. Nc5 Rb8
21. Na6 Rbc8 22. Nc5 1/2-1/2

[Event "26th WSCC 2016 Open 50+"]
[Site "Marianske Lazne, Czech Republic - Hotel Cristal and Continental"]
[Date "2016.11.26"]
[Round "7.41"]
[White "Daneri, Martin"]
[Black "Shaw, Meyrick"]
[Result "1-0"]
[WhiteElo "2113"]
[BlackElo "1947"]
[PlyCount "71"]
[EventDate "2016.11.19"]

1. d4 Nf6 2. Nf3 d5 3. Bf4 c5 4. e3 Qb6 5. Nc3 Bd7 6. Rb1 e6 7. Be2 Be7 8. O-O
h6 9. h3 a6 10. a3 cxd4 11. exd4 O-O 12. b4 Rc8 13. Qd3 Bb5 14. Nxb5 Qxb5 15.
Qe3 Qe8 16. Bd3 Nbd7 17. Rfe1 b5 18. g4 Nb6 19. g5 hxg5 20. Nxg5 Rc6 21. Qg3
Nh5 22. Qh4 f5 23. Be2 Nf6 24. Rb3 Qg6 25. Rg3 Ne4 26. Bh5 Bxg5 27. Bxg5 Qh7
28. Rg2 Nxg5 29. Rxg5 Rf8 30. Kh1 Nc4 31. Reg1 Rc7 32. Qg3 f4 33. Qg4 Qe4+ 34.
f3 Qxd4 35. Qxe6+ Kh8 36. Bg6 1-0

[Event "26th WSCC 2016 Open 50+"]
[Site "Marianske Lazne, Czech Republic - Hotel Cristal and Continental"]
[Date "2016.11.26"]
[Round "7.42"]
[White "Mazzamuto, Nicola"]
[Black "Vepkhvishvili, Varlam"]
[Result "0-1"]
[WhiteElo "1903"]
[BlackElo "2086"]
[PlyCount "84"]
[EventDate "2016.11.19"]

1. Nf3 Nf6 2. c4 g6 3. b3 Bg7 4. Bb2 O-O 5. g3 d6 6. Bg2 e5 7. d3 Nc6 8. Nc3
Bf5 9. h3 Be6 10. O-O h6 11. Qd2 Qd7 12. Kh2 Ne7 13. d4 e4 14. Ng1 d5 15. cxd5
Bxd5 16. Nxd5 Nexd5 17. e3 Rfe8 18. Rfc1 c6 19. a3 Nh7 20. Rc2 f5 21. Rac1 g5
22. b4 Re6 23. Bf1 Rg6 24. a4 Rf8 25. b5 f4 26. bxc6 bxc6 27. Ba3 Rf7 28. Rb1
Rf8 29. Bxf8 Nxf8 30. Rcb2 fxe3 31. fxe3 Rf6 32. Bg2 Qe6 33. Qe1 Ng6 34. a5
Nge7 35. Rb3 Nf5 36. Qd2 Nxg3 37. Ne2 Rf2 38. Re1 h5 39. Kg1 h4 40. a6 Qf6 41.
Nxg3 Rxd2 42. Nxe4 Rxg2+ 0-1

[Event "26th WSCC 2016 Open 50+"]
[Site "Marianske Lazne, Czech Republic - Hotel Cristal and Continental"]
[Date "2016.11.26"]
[Round "7.43"]
[White "Liberchuk, Ilia"]
[Black "Valet, Richard"]
[Result "1/2-1/2"]
[WhiteElo "2076"]
[BlackElo "1943"]
[PlyCount "34"]
[EventDate "2016.11.19"]

1. c4 c5 2. g3 Nc6 3. Bg2 g6 4. Nc3 Bg7 5. e4 e6 6. Nge2 Nd4 7. O-O Ne7 8. Nxd4
cxd4 9. Ne2 O-O 10. d3 d6 11. b3 e5 12. f4 f5 13. Bd2 Be6 14. Qc2 Qd7 15. Rac1
fxe4 16. Bxe4 Bh3 17. Rf2 Rac8 1/2-1/2